| 000 | 00615nam a2200193 4500 | ||
|---|---|---|---|
| 999 |
_c162287 _d162287 |
||
| 005 | 20211208164159.0 | ||
| 010 | _aENG-124860 | ||
| 020 |
_a9789381709986 _c500.00 |
||
| 035 | _aEN-108392 | ||
| 037 | _bDBAD/PUB | ||
| 082 | _a355.331092254 | ||
| 100 | _aRaj Kumar | ||
| 245 |
_aChief of the army staff india: _cby Raj Kumar |
||
| 250 | _a2017 | ||
| 260 |
_aNew Delhi _bLife Span Publishers _c2017 |
||
| 270 |
_a4782/23,Ansari Road,Daryaganj, _bNew Delhi _e110002 _k9013763525,9868347115 _mlifespanpublisher.webs,com |
||
| 300 |
_a126p. _c22cm(Hb) _bill. |
||
| 942 |
_2ddc _cEN _h355.331092254 _mRAJ |
||